[Event "23. Schweinfurt Open"]
[Site "Schweinfurt"]
[Date "2013.06.02"]
[Round "6.8"]
[White "Helgert, Johannes"]
[Black "Heller, Thomas"]
[Result "1/2-1/2"]
[WhiteElo "2024"]
[BlackElo "1801"]
[PlyCount "105"]
[EventDate "2013.05.30"]
[Source "SK SW 2000"]
[SourceDate "2013.06.02"]

1. e4 e6 2. d4 d5 3. e5 c5 4. c3 a6 5. Nf3 Nc6 6. a3 Qb6 7. b4 cxd4 8. cxd4
Nge7 9. Be3 Nf5 10. Nc3 Nxe3 11. fxe3 Bd7 12. Na4 Qd8 13. Bd3 b6 14. Qe2 b5 15.
Nc5 Bxc5 16. dxc5 Qb8 17. Qb2 h6 18. O-O Ra7 19. Rf2 g5 20. g4 Ke7 21. e4 d4
22. Nxd4 Nxe5 23. Be2 Rf8 24. Rc1 Qc7 25. Qc3 Raa8 26. h3 Rad8 27. a4 Nc6 28.
axb5 Nxd4 29. Qxd4 Bxb5 30. Qf6+ Ke8 31. Bxb5+ axb5 32. Kg2 Rd3 33. e5 Qc6+ 34.
Kh2 Rd8 35. Ra1 Qb7 36. Rfa2 Qe7 37. Qf3 Qc7 38. Qe4 f5 39. Qe2 fxg4 40. hxg4
Rf4 41. Qxb5+ Kf8 42. Ra8 Rfd4 43. c6 R4d5 44. Qf1+ Kg8 45. Qf6 Rd2+ 46. Kg1
Qb6+ 47. Kf1 Qb5+ 48. Kg1 Qb6+ 49. Kf1 Qb5+ 50. Kg1 Qb6+ 51. Kf1 Qb5+ 52. Kg1
Qb6+ 53. Kf1 1/2-1/2

[Event "23. Schweinfurt Open"]
[Site "Schweinfurt"]
[Date "2013.06.02"]
[Round "6.9"]
[White "Krenz, Dieter"]
[Black "Völker, Joachim"]
[Result "1-0"]
[WhiteElo "2028"]
[BlackElo "1880"]
[PlyCount "79"]
[EventDate "2013.05.30"]
[Source "SK SW 2000"]
[SourceDate "2013.06.02"]

1. e4 e6 2. d4 d5 3. Nd2 Nf6 4. e5 Nfd7 5. f4 c5 6. Ndf3 Nc6 7. c3 cxd4 8. Nxd4
Nxd4 9. cxd4 f5 10. Be2 Bb4+ 11. Bd2 Qe7 12. a3 Bxd2+ 13. Qxd2 Nb6 14. Rc1 Qd8
15. Nh3 Bd7 16. O-O Nc8 17. g4 Ne7 18. Kh1 O-O 19. Nf2 Qb6 20. Rc5 Rac8 21. b4
Rxc5 22. dxc5 Qd8 23. g5 Qe8 24. Rb1 Bb5 25. Bd1 Qc6 26. Qd4 Rc8 27. Ra1 Ba4
28. Be2 a6 29. Nd1 h6 30. gxh6 gxh6 31. Nc3 Bc2 32. Rg1+ Kh7 33. Bf3 b6 34. Qf2
Be4 35. Nxe4 fxe4 36. Bh5 bxc5 37. Qh4 Qb7 38. Qf6 Rg8 39. Qf7+ Kh8 40. Rxg8+
1-0

[Event "23. Schweinfurt Open"]
[Site "Schweinfurt"]
[Date "2013.06.02"]
[Round "6.11"]
[White "Kilian, Markus"]
[Black "Gould, Charles"]
[Result "1/2-1/2"]
[WhiteElo "1811"]
[BlackElo "1969"]
[PlyCount "47"]
[EventDate "2013.05.30"]
[Source "SK SW 2000"]
[SourceDate "2013.06.02"]

1. Nf3 d6 2. d4 g6 3. c4 Nf6 4. Nc3 Bg7 5. e4 Nc6 6. Be2 O-O 7. O-O e5 8. d5
Ne7 9. Ne1 Ne8 10. Be3 f5 11. f3 Kh8 12. Rc1 Ng8 13. c5 Ngf6 14. Qc2 f4 15. Bf2
Rf7 16. a4 g5 17. cxd6 cxd6 18. Nb5 a6 19. Na3 g4 20. Nc4 Bh6 21. Nb6 g3 22.
Nxa8 gxf2+ 23. Rxf2 Bd7 24. Nc7 1/2-1/2

[Event "23. Schweinfurt Open"]
[Site "Schweinfurt"]
[Date "2013.06.02"]
[Round "6.12"]
[White "Volkamer, Tobias"]
[Black "Klüber, Werner"]
[Result "1/2-1/2"]
[WhiteElo "1737"]
[BlackElo "1958"]
[PlyCount "40"]
[EventDate "2013.05.30"]
[Source "SK SW 2000"]
[SourceDate "2013.06.02"]

1. d4 d5 2. c4 e6 3. Nc3 Nf6 4. Bg5 Be7 5. Nf3 Nbd7 6. e3 c6 7. Rc1 O-O 8. Bd3
dxc4 9. Bxc4 b5 10. Bb3 Bb7 11. O-O a6 12. Bc2 c5 13. dxc5 Nxc5 14. Qe2 Qb6 15.
b4 Ncd7 16. a3 Rfe8 17. Rfd1 Nf8 18. e4 Rad8 19. e5 Rxd1+ 20. Rxd1 Nd5 1/2-1/2

[Event "23. Schweinfurt Open"]
[Site "Schweinfurt"]
[Date "2013.06.02"]
[Round "6.13"]
[White "Simon, Jonathan"]
[Black "Markwardt, Sven"]
[Result "0-1"]
[WhiteElo "1954"]
[BlackElo "1760"]
[PlyCount "70"]
[EventDate "2013.05.30"]
[Source "SK SW 2000"]
[SourceDate "2013.06.02"]

1. Nf3 Nf6 2. d4 c5 3. d5 d6 4. c4 b5 5. cxb5 a6 6. b6 Qxb6 7. Nc3 Nbd7 8. a4
a5 9. Nd2 Ba6 10. e4 Bxf1 11. Kxf1 g6 12. g3 Bg7 13. Kg2 O-O 14. Re1 Rfb8 15.
Nc4 Qd8 16. f4 Rb4 17. Qe2 Nb6 18. Nxb6 Qxb6 19. e5 dxe5 20. fxe5 Ng4 21. e6 f5
22. Ra2 Qb7 23. Rd1 Rd8 24. Kh3 Bd4 25. Rf1 Nf6 26. Nb5 Qxd5 27. Ra3 Ne4 28.
Nc3 Qxe6 29. Nxe4 fxe4+ 30. Kg2 Rf8 31. Kh1 Rxf1+ 32. Qxf1 Qf6 33. Qh3 Bxb2 34.
Bh6 e6 35. Bg5 Qf5 0-1

[Event "23. Schweinfurt Open"]
[Site "Schweinfurt"]
[Date "2013.06.02"]
[Round "6.15"]
[White "Raaber, Arthur"]
[Black "Herda, Christoph"]
[Result "0-1"]
[WhiteElo "1605"]
[BlackElo "1917"]
[PlyCount "90"]
[EventDate "2013.05.30"]
[Source "SK SW 2000"]
[SourceDate "2013.06.02"]

1. d4 Nf6 2. c4 c5 3. d5 b5 4. b3 bxc4 5. bxc4 g6 6. Bb2 Bg7 7. Nc3 Qa5 8. Qc2
d6 9. f3 O-O 10. e3 Nbd7 11. Qa4 Qxa4 12. Nxa4 Ba6 13. Rc1 Rab8 14. Ba1 Rb4 15.
Nb2 Nxd5 16. cxd5 Bxf1 17. Kxf1 Bxb2 18. Bxb2 Rxb2 19. Ra1 Rfb8 20. g4 Rb1+ 21.
Rxb1 Rxb1+ 22. Kg2 Rb2+ 23. Kg3 Rxa2 24. Nh3 Nb6 25. e4 c4 26. Nf2 e5 27. h4 h6
28. Rc1 Kf8 29. Nd1 Na4 30. Ne3 c3 31. Nd1 Ra3 32. Kf2 Nb2 33. Nxb2 cxb2 34.
Rb1 Rb3 35. Ke2 Ke7 36. Kd2 Rxf3 37. Rxb2 Rf2+ 38. Kc3 Rxb2 39. Kxb2 g5 40.
hxg5 hxg5 41. Kc3 a5 42. Kc4 f5 43. exf5 e4 44. Kd4 a4 45. Kxe4 a3 0-1

[Event "23. Schweinfurt Open"]
[Site "Schweinfurt"]
[Date "2013.06.02"]
[Round "6.16"]
[White "Schneider, Johannes"]
[Black "Basel, Moritz"]
[Result "1-0"]
[WhiteElo "1840"]
[BlackElo "1525"]
[PlyCount "59"]
[EventDate "2013.05.30"]
[Source "SK SW 2000"]
[SourceDate "2013.06.02"]

1. d4 d5 2. c4 c6 3. Nc3 e6 4. Nf3 dxc4 5. e3 b5 6. a4 Bb4 7. Bd2 a5 8. axb5
Bxc3 9. Bxc3 cxb5 10. b3 Bb7 11. bxc4 b4 12. Bb2 Nf6 13. Bd3 Be4 14. Bxe4 Nxe4
15. Qd3 f5 16. Ne5 Nd7 17. Nc6 Qc7 18. d5 Ndc5 19. Qd1 O-O 20. Be5 Qb6 21. Qd4
exd5 22. Ne7+ Kf7 23. Nxd5 Qg6 24. Nf4 Qh6 25. Qd5+ Ke7 26. Bd4 Qd6 27. f3 g5
28. fxe4 Nb3 29. Qb7+ Qd7 30. Nd5+ 1-0

[Event "23. Schweinfurt Open"]
[Site "Schweinfurt"]
[Date "2013.06.02"]
[Round "6.17"]
[White "Roth, Jakob"]
[Black "Falkenstein, Johannes"]
[Result "1-0"]
[WhiteElo "1582"]
[BlackElo "1732"]
[PlyCount "127"]
[EventDate "2013.05.30"]
[Source "SK SW 2000"]
[SourceDate "2013.06.02"]

1. e4 e5 2. Nf3 Nc6 3. d4 exd4 4. Bc4 Bc5 5. c3 Nf6 6. e5 d5 7. Bb5 Ne4 8. cxd4
Bb4+ 9. Bd2 Be7 10. Qc2 Bd7 11. Bd3 Nxd2 12. Nbxd2 Nb4 13. Qc3 Nxd3+ 14. Qxd3
O-O 15. O-O Be6 16. Rac1 Rc8 17. Nb3 c6 18. Nc5 Rc7 19. Rc3 Qc8 20. Rfc1 b6 21.
Na6 Bf5 22. Qe2 Bd7 23. Nxc7 Qxc7 24. a3 c5 25. b3 Bf5 26. dxc5 bxc5 27. Nd4
Be6 28. Nb5 Qa5 29. a4 d4 30. Rg3 Bh4 31. Rd3 Bf5 32. Rdd1 Be7 33. Nd6 Be6 34.
Qc2 Qb6 35. Nc4 Qb8 36. Na5 Qb6 37. Nc4 Qb8 38. Rb1 Qb4 39. Qd2 Qb8 40. Qe2 Qb4
41. Rdc1 Bg5 42. Rf1 Rd8 43. f4 d3 44. Qd1 Bh4 45. g3 Be7 46. Nd2 Qd4+ 47. Rf2
g6 48. Nf3 Qe4 49. Qe1 Qxe1+ 50. Rxe1 Bxb3 51. a5 c4 52. Nd2 Bc5 53. Nxb3 Bxf2+
54. Kxf2 cxb3 55. Rb1 d2 56. Ke2 b2 57. Kd1 Kf8 58. Rxb2 Ke8 59. Rxd2 Rxd2+ 60.
Kxd2 Kd7 61. Kc3 Kc6 62. Kc4 a6 63. h3 h6 64. g4 1-0

[Event "23. Schweinfurt Open"]
[Site "Schweinfurt"]
[Date "2013.06.02"]
[Round "6.18"]
[White "Hanft, Günter"]
[Black "Li, Simon"]
[Result "1/2-1/2"]
[WhiteElo "1615"]
[BlackElo "1223"]
[PlyCount "88"]
[EventDate "2013.05.30"]
[Source "SK SW 2000"]
[SourceDate "2013.06.02"]

1. e4 c5 2. Nf3 d6 3. d4 cxd4 4. Nxd4 Nf6 5. Nc3 g6 6. Be2 Bg7 7. O-O O-O 8.
Bg5 Nc6 9. Nb3 a6 10. Kh1 b5 11. a3 Bb7 12. f4 Qc7 13. Qe1 e6 14. Qh4 Nd7 15.
Bh6 Nc5 16. Nxc5 dxc5 17. Bxg7 Kxg7 18. b3 Nd4 19. f5 exf5 20. Bd3 Qc6 21. Rf2
c4 22. bxc4 bxc4 23. exf5 Nxf5 24. Bxf5 gxf5 25. Ne2 Qf6 26. Qg3+ Kh8 27. Rb1
Rg8 28. Qc3 Qxc3 29. Nxc3 Be4 30. Nxe4 fxe4 31. Rxf7 e3 32. Re7 Rae8 33. Rbb7
Rxe7 34. Rxe7 Rb8 35. h3 Rb2 36. Rxe3 Rxc2 37. Re6 c3 38. Rxa6 Ra2 39. Kh2 Kg7
40. Kg3 c2 41. Rc6 Rxa3+ 42. Kf2 Ra2 43. Ke3 c1=Q+ 44. Rxc1 Rxg2 1/2-1/2

[Event "23. Schweinfurt Open"]
[Site "Schweinfurt"]
[Date "2013.06.02"]
[Round "6.19"]
[White "Wolf, Pablo"]
[Black "Hofmann-Weippert, Matthias"]
[Result "1-0"]
[WhiteElo "1506"]
[BlackElo "1555"]
[PlyCount "79"]
[EventDate "2013.05.30"]
[Source "SK SW 2000"]
[SourceDate "2013.06.02"]

1. e4 e6 2. d4 d5 3. exd5 exd5 4. Nf3 Nf6 5. Bd3 Bd6 6. O-O O-O 7. Nc3 h6 8. h3
Re8 9. Re1 Bd7 10. Ne2 Nc6 11. c3 Ne7 12. Bf4 Bf5 13. Bxd6 Qxd6 14. Ng3 Bxd3
15. Qxd3 Ng6 16. Nf5 Qd7 17. Ne5 Nxe5 18. dxe5 Nh7 19. Qf3 Ng5 20. Qg4 Kh7 21.
h4 Ne6 22. Nxg7 Nf8 23. Qxd7 Nxd7 24. Nxe8 Rxe8 25. Rad1 c6 26. f4 Kg6 27. g4
Nc5 28. b3 a6 29. c4 dxc4 30. bxc4 f5 31. Rd6+ Re6 32. Rxe6+ Nxe6 33. Rf1 Nd4
34. g5 b5 35. cxb5 axb5 36. Kf2 c5 37. gxh6 Kxh6 38. Rd1 Kg6 39. Rxd4 cxd4 40.
Ke2 1-0

[Event "23. Schweinfurt Open"]
[Site "Schweinfurt"]
[Date "2013.06.02"]
[Round "6.20"]
[White "Schmitz, Wolfgang"]
[Black "Brodt, Andreas"]
[Result "1-0"]
[WhiteElo "2070"]
[BlackElo "1601"]
[PlyCount "69"]
[EventDate "2013.05.30"]
[Source "SK SW 2000"]
[SourceDate "2013.06.02"]

1. e4 c5 2. Nf3 e6 3. d4 cxd4 4. Nxd4 Nc6 5. Be3 g6 6. c4 a6 7. Nc3 Bg7 8. Be2
Nge7 9. O-O O-O 10. c5 Nxd4 11. Bxd4 Bxd4 12. Qxd4 Nc6 13. Qe3 f5 14. f4 Rb8
15. Na4 Qa5 16. Nb6 fxe4 17. a3 Rf5 18. b4 Nxb4 19. axb4 Qxb4 20. Rfb1 Qxc5 21.
Qxc5 Rxc5 22. Rc1 Rc6 23. Rab1 d5 24. Kf2 Kg7 25. g4 h6 26. Ke3 Kf6 27. Nxd5+
exd5 28. Rxc6+ Kf7 29. Rc7+ Ke8 30. Rb6 Kd8 31. Rg7 Bd7 32. Rd6 Kc7 33. Rgxd7+
Kc8 34. Rh7 b5 35. Rxg6 1-0

[Event "23. Schweinfurt Open"]
[Site "Schweinfurt"]
[Date "2013.06.02"]
[Round "6.21"]
[White "Bebersdorf, Claus"]
[Black "Grünewald, Elmar"]
[Result "1-0"]
[WhiteElo "1991"]
[BlackElo "1454"]
[PlyCount "41"]
[EventDate "2013.05.30"]
[Source "SK SW 2000"]
[SourceDate "2013.06.02"]

1. e4 e5 2. Nf3 Nc6 3. d4 exd4 4. Nxd4 Bc5 5. Nxc6 Bxf2+ 6. Kxf2 Qf6+ 7. Qf3
Qxc6 8. Bd3 Nf6 9. Re1 O-O 10. h3 d6 11. e5 Qxf3+ 12. Kxf3 Re8 13. Bf4 b6 14.
Nc3 Bb7+ 15. Kf2 dxe5 16. Rxe5 c5 17. Rae1 Rxe5 18. Bxe5 Re8 19. Bxf6 Rxe1 20.
Kxe1 gxf6 21. Be4 1-0

[Event "23. Schweinfurt Open"]
[Site "Schweinfurt"]
[Date "2013.06.02"]
[Round "6.22"]
[White "Häusler, Luis"]
[Black "Hegel, Pius"]
[Result "1/2-1/2"]
[WhiteElo "1428"]
[BlackElo "1719"]
[PlyCount "87"]
[EventDate "2013.05.30"]
[Source "SK SW 2000"]
[SourceDate "2013.06.02"]

1. e4 c5 2. Nf3 Nc6 3. d4 cxd4 4. Nxd4 Nf6 5. Nc3 e6 6. f3 Bb4 7. Be3 O-O 8.
Qd2 d5 9. exd5 Nxd5 10. Nde2 Nxe3 11. Qxe3 b6 12. Nf4 Bb7 13. Qd3 Qf6 14. Nfe2
Rfd8 15. Qe3 Nd4 16. O-O-O Nf5 17. Qf2 Bc5 18. Qe1 Be3+ 19. Kb1 Rxd1+ 20. Nxd1
Rd8 21. Nxe3 Nxe3 22. Nc3 Qxc3 23. bxc3 Rd1+ 24. Qxd1 Nxd1 25. c4 Bc6 26. Bd3
Ne3 27. Rg1 f5 28. Kc1 g5 29. Kd2 f4 30. g3 Kf7 31. gxf4 gxf4 32. Be4 Nxc4+ 33.
Kd3 Ne5+ 34. Kd4 Nxf3+ 35. Bxf3 Bxf3 36. Rf1 Bd5 37. Rxf4+ Ke7 38. a3 Kd6 39.
Rh4 e5+ 40. Ke3 Bg8 41. Rg4 Bf7 42. Rg7 Bg6 43. c3 a5 44. c4 1/2-1/2

[Event "23. Schweinfurt Open"]
[Site "Schweinfurt"]
[Date "2013.06.02"]
[Round "6.23"]
[White "Itze, Jan-Peter"]
[Black "Hartmann, Christian"]
[Result "0-1"]
[WhiteElo "1715"]
[BlackElo "1554"]
[PlyCount "84"]
[EventDate "2013.05.30"]
[Source "SK SW 2000"]
[SourceDate "2013.06.02"]

1. d4 Nf6 2. Nf3 g6 3. Bg5 Bg7 4. Nbd2 d5 5. e3 Bg4 6. Bd3 Nbd7 7. h3 Bxf3 8.
Nxf3 c6 9. O-O O-O 10. c4 e6 11. Ne5 Qc7 12. Bf4 Nxe5 13. Bxe5 Qd7 14. f3 dxc4
15. Bxc4 Ne8 16. Bxg7 Kxg7 17. Qd3 Nf6 18. Rad1 Rfd8 19. Rd2 Qe7 20. Re1 Kg8
21. Qb3 Rd7 22. e4 Rad8 23. Red1 Kg7 24. Qc3 Kg8 25. a3 Rc7 26. b4 a6 27. Bb3
Rcd7 28. Rc2 e5 29. Rcd2 exd4 30. Rxd4 Ne8 31. Qc4 Rxd4 32. Rxd4 Rxd4 33. Qxd4
Qd6 34. Qc4 Qd7 35. e5 Nc7 36. f4 h6 37. g4 Ne6 38. Kf2 Qd2+ 39. Kf3 Nd4+ 40.
Ke4 Nxb3 41. Qxb3 Kf8 42. Qe3 Qd5# 0-1

[Event "23. Schweinfurt Open"]
[Site "Schweinfurt"]
[Date "2013.06.02"]
[Round "6.24"]
[White "Trinkwalter, Jan"]
[Black "Steinerstauch, Bernd"]
[Result "1-0"]
[WhiteElo "1688"]
[BlackElo "1435"]
[PlyCount "87"]
[EventDate "2013.05.30"]
[Source "SK SW 2000"]
[SourceDate "2013.06.02"]

1. f4 d5 2. Nf3 Bg4 3. e3 Nc6 4. Bb5 Qd6 5. h3 Bxf3 6. Qxf3 Nf6 7. b3 a6 8.
Bxc6+ Qxc6 9. Nc3 e6 10. Bb2 Bb4 11. Rc1 Bxc3 12. Bxc3 Ne4 13. Bxg7 Rg8 14. Bb2
Ng3 15. Rg1 O-O-O 16. c4 h5 17. cxd5 Qxd5 18. Qxd5 Rxd5 19. Be5 c6 20. Rc4 f5
21. Rd4 Rc5 22. Kd1 Rc1+ 23. Kxc1 Ne2+ 24. Kd1 Nxg1 25. Rd6 Rxg2 26. Rxe6 Nxh3
27. Rf6 Nf2+ 28. Kc2 Ne4 29. Rxf5 Rxd2+ 30. Kc1 h4 31. Rh5 Re2 32. Rxh4 Rxe3
33. Rh8+ Kd7 34. Rh7+ Ke6 35. Rxb7 Nc5 36. Bd4 Nxb7 37. Bxe3 Kf5 38. Kc2 Nd8
39. Kc3 Ne6 40. Kc4 Ke4 41. Bc1 a5 42. b4 axb4 43. Kxb4 c5+ 44. Kc4 1-0

[Event "23. Schweinfurt Open"]
[Site "Schweinfurt"]
[Date "2013.06.02"]
[Round "6.25"]
[White "Malchau, Jochen"]
[Black "Lehmann, Andreas"]
[Result "1-0"]
[WhiteElo "1635"]
[BlackElo "974"]
[PlyCount "71"]
[EventDate "2013.05.30"]
[Source "SK SW 2000"]
[SourceDate "2013.06.02"]

1. d4 d5 2. c4 e6 3. Nc3 Bb4 4. e3 Ne7 5. Nf3 b6 6. Qa4+ Nbc6 7. cxd5 Bxc3+ 8.
bxc3 exd5 9. Bd3 Bd7 10. Qc2 Ng6 11. Ba3 Qf6 12. O-O Nce7 13. Bxe7 Qxe7 14. e4
dxe4 15. Bxe4 Rb8 16. Bxg6 hxg6 17. Rfe1 Be6 18. d5 Qf6 19. dxe6 fxe6 20. Qb3
Kf7 21. Ne5+ Ke8 22. Qb5+ Ke7 23. Qd7+ Kf8 24. Qxc7 Rd8 25. Nxg6+ Kg8 26. Nxh8
Kxh8 27. h3 Rd2 28. Qg3 Qh6 29. Qe3 Rc2 30. Qxh6+ gxh6 31. Rxe6 Rxc3 32. Rxh6+
Kg7 33. Rd6 Rc7 34. Rad1 Kf7 35. Rd7+ Rxd7 36. Rxd7+ 1-0

[Event "23. Schweinfurt Open"]
[Site "Schweinfurt"]
[Date "2013.06.02"]
[Round "6.26"]
[White "Scheming, Anna-Marie"]
[Black "Lachnit, Manfred"]
[Result "1/2-1/2"]
[WhiteElo "1133"]
[BlackElo "1613"]
[PlyCount "55"]
[EventDate "2013.05.30"]
[Source "SK SW 2000"]
[SourceDate "2013.06.02"]

1. d4 Nf6 2. Bf4 d5 3. e3 h6 4. h3 Bf5 5. Be2 e6 6. Nf3 c5 7. Bb5+ Nbd7 8.
Bxd7+ Nxd7 9. c3 Qb6 10. b3 cxd4 11. exd4 Rc8 12. O-O Bd6 13. Bxd6 Qxd6 14. Qc1
O-O 15. Qe3 Rc6 16. Nbd2 b5 17. Rfc1 Rfc8 18. b4 Qc7 19. a4 bxa4 20. Rxa4 a6
21. Ra3 Qb7 22. Nb3 Qb5 23. Nc5 Nxc5 24. dxc5 Qd3 25. Qxd3 Bxd3 26. Ne5 Bb5 27.
Nxc6 Rxc6 28. Re1 1/2-1/2

[Event "23. Schweinfurt Open"]
[Site "Schweinfurt"]
[Date "2013.06.02"]
[Round "6.27"]
[White "Grasmik, Waldemar"]
[Black "Müller, Gerhard"]
[Result "0-1"]
[WhiteElo "1375"]
[BlackElo "1854"]
[PlyCount "84"]
[EventDate "2013.05.30"]
[Source "SK SW 2000"]
[SourceDate "2013.06.02"]

1. d4 f5 2. Nc3 Nf6 3. Bg5 e6 4. e4 Be7 5. Bxf6 Bxf6 6. e5 Be7 7. Qh5+ g6 8.
Qh6 Kf7 9. a3 Bg5 10. Qh3 h5 11. Qf3 Nc6 12. Nge2 Kg7 13. g3 b6 14. h4 Bh6 15.
Qd3 Bb7 16. f3 Kf7 17. Rg1 d6 18. f4 a6 19. d5 exd5 20. Qxd5+ Ke7 21. exd6+
Qxd6 22. Qxd6+ cxd6 23. Nd5+ Kf7 24. Nxb6 Rae8 25. Nc4 Re6 26. O-O-O Rd8 27.
Nc3 Bg7 28. Nd5 Bd4 29. Rg2 Ba7 30. Rgd2 Nd4 31. Nc3 Bf3 32. Be2 Nxe2+ 33. Nxe2
Bxe2 34. Nxd6+ Ke7 35. Nb7 Rxd2 36. Rxd2 Be3 37. Nc5 Bxc5 38. Rd5 Be3+ 39. Kb1
Bf2 40. b3 Bxg3 41. c4 Bxf4 42. Rd4 Re4 0-1

[Event "23. Schweinfurt Open"]
[Site "Schweinfurt"]
[Date "2013.06.02"]
[Round "6.28"]
[White "Weippert, Sophia"]
[Black "Brückner, Alexander"]
[Result "0-1"]
[WhiteElo "1145"]
[BlackElo "1202"]
[PlyCount "50"]
[EventDate "2013.05.30"]
[Source "SK SW 2000"]
[SourceDate "2013.06.02"]

1. d4 d5 2. c4 dxc4 3. e3 Bf5 4. Nc3 Nc6 5. Bxc4 e6 6. Nf3 Nf6 7. Nh4 Bg6 8.
Nxg6 hxg6 9. Bd2 Bd6 10. h3 Qe7 11. Qf3 O-O-O 12. Ne4 Nxe4 13. Qxe4 Bb4 14. Bc3
Rh4 15. Qc2 e5 16. g3 Bxc3+ 17. bxc3 Rh6 18. O-O-O exd4 19. exd4 g5 20. Kb2 Na5
21. Qf5+ Kb8 22. Qxa5 Rb6+ 23. Ka1 Qf6 24. Qe5 Qxf2 25. Qxg5 Qb2# 0-1

[Event "23. Schweinfurt Open"]
[Site "Schweinfurt"]
[Date "2013.06.02"]
[Round "6.29"]
[White "Roth, Ludwig"]
[Black "Christ, Andreas"]
[Result "1-0"]
[WhiteElo "985"]
[BlackElo "1397"]
[PlyCount "67"]
[EventDate "2013.05.30"]
[Source "SK SW 2000"]
[SourceDate "2013.06.02"]

1. d4 d5 2. c4 Bf5 3. cxd5 Qxd5 4. Nc3 Qd7 5. e4 Bg6 6. Bf4 c6 7. d5 e6 8. d6
Qd8 9. e5 Nd7 10. b4 f6 11. b5 fxe5 12. bxc6 bxc6 13. Bg3 Ngf6 14. Nf3 Nd5 15.
Nxd5 exd5 16. Bxe5 Nxe5 17. Nxe5 Qxd6 18. f4 Qf6 19. Qe2 Be4 20. Qa6 d4 21. Qb7
Rd8 22. Bc4 Bd5 23. Bxd5 cxd5 24. Qc6+ Qxc6 25. Nxc6 Rd7 26. Nxd4 Bb4+ 27. Kf2
Bc3 28. Rad1 Bxd4+ 29. Rxd4 Kf7 30. Rhd1 Rhd8 31. Ra4 Ke6 32. Ra6+ Kf5 33. Kf3
Rc8 34. g4# 1-0

[Event "23. Schweinfurt Open"]
[Site "Schweinfurt"]
[Date "2013.06.02"]
[Round "6.30"]
[White "Gerhard, Philipp"]
[Black "Memmel, Stefan"]
[Result "0-1"]
[WhiteElo "841"]
[BlackElo "1278"]
[PlyCount "62"]
[EventDate "2013.05.30"]
[Source "SK SW 2000"]
[SourceDate "2013.06.02"]

1. e4 e5 2. Nf3 Nc6 3. d4 exd4 4. Nxd4 Nxd4 5. Qxd4 d6 6. Bc4 Be6 7. Nc3 Qf6 8.
Qxf6 Nxf6 9. Bxe6 fxe6 10. O-O a6 11. Re1 e5 12. Bg5 Be7 13. Rad1 O-O 14. Re3
Rf7 15. Nd5 Nxd5 16. exd5 Bxg5 17. Rh3 Raf8 18. f3 Be3+ 19. Kf1 Bb6 20. Rd3 e4
21. Rc3 exf3 22. gxf3 Bd4 23. Rb3 b6 24. Rh4 Be5 25. Kg2 Rf5 26. Rg4 h6 27. Ra3
Bxb2 28. Rxa6 Rxd5 29. Ra7 Rd2+ 30. Kh3 Rxf3+ 31. Kh4 Rxh2# 0-1

[Event "23. Schweinfurt Open"]
[Site "Schweinfurt"]
[Date "2013.06.02"]
[Round "6.31"]
[White "Gerhard, Georg"]
[Black "Foitzik, Lukas"]
[Result "1-0"]
[WhiteElo "1269"]
[BlackElo "776"]
[PlyCount "101"]
[EventDate "2013.05.30"]
[Source "SK SW 2000"]
[SourceDate "2013.06.02"]

1. e4 e5 2. f4 Qh4+ 3. g3 Qd8 4. fxe5 d6 5. exd6 Bxd6 6. d4 Nf6 7. e5 Bg4 8.
Be2 Bxe2 9. Qxe2 O-O 10. Kf2 Re8 11. Qf3 Nc6 12. c3 Nxe5 13. dxe5 Rxe5 14. Kg2
g5 15. g4 h5 16. h3 h4 17. Ne2 Bc5 18. Nd2 Nd5 19. Nc4 Re7 20. Bxg5 f6 21. Bxh4
Rf7 22. Rad1 c6 23. Rhf1 Be7 24. Ne5 Rf8 25. Ng6 Rf7 26. Nef4 Qd7 27. Nxd5 cxd5
28. g5 Qe6 29. Rde1 fxg5 30. Nxe7+ Qxe7 31. Qxf7+ Qxf7 32. Rxf7 Kxf7 33. Bxg5
Re8 34. Rxe8 Kxe8 35. Kf3 Kd7 36. Kf4 Ke6 37. h4 b5 38. h5 b4 39. h6 bxc3 40.
bxc3 Kd6 41. h7 Kc5 42. h8=Q a5 43. Qc8+ Kb6 44. Bd8+ Kb5 45. Qb7+ Kc5 46. Ke5
Kc4 47. Qc6+ Kd3 48. Qxd5+ Kxc3 49. Bxa5+ Kb2 50. Qb3+ Ka1 51. Bc3# 1-0

[Event "23. Schweinfurt Open"]
[Site "Schweinfurt"]
[Date "2013.06.02"]
[Round "6.32"]
[White "Raab, Franziska"]
[Black "Engelbrecht, Klaus"]
[Result "1/2-1/2"]
[WhiteElo "813"]
[BlackElo "1247"]
[PlyCount "113"]
[EventDate "2013.05.30"]
[Source "SK SW 2000"]
[SourceDate "2013.06.02"]

1. e4 c5 2. Bc4 e6 3. Nc3 Nf6 4. e5 d5 5. Bb5+ Nfd7 6. Nf3 a6 7. Be2 Nc6 8. O-O
Be7 9. d3 f6 10. exf6 Bxf6 11. h4 Bxc3 12. bxc3 O-O 13. Ng5 Rf6 14. Bf3 Nde5
15. Qe2 Nxf3+ 16. Nxf3 h6 17. Be3 d4 18. cxd4 cxd4 19. Bd2 e5 20. Nxe5 Re6 21.
Bf4 Qxh4 22. Qg4 Qxg4 23. Nxg4 Re2 24. f3 Bxg4 25. fxg4 g5 26. Bc7 Rae8 27.
Rac1 b5 28. a3 Ne7 29. Bb6 Nc6 30. c3 dxc3 31. Rxc3 Ne5 32. Rc7 Nxd3 33. Ba5
Nf4 34. Rf2 Rxf2 35. Kxf2 Re2+ 36. Kf3 Rxg2 37. Rc6 Rb2 38. Ke4 Re2+ 39. Kf5
Nd5 40. Bb4 Rf2+ 41. Kg6 Nxb4 42. axb4 Rf4 43. Rxa6 Kf8 44. Kh5 Rxb4 45. Rb6
Rb1 46. Kxh6 Ke7 47. Kxg5 b4 48. Kf5 Rf1+ 49. Ke4 Rg1 50. Kf3 Rf1+ 51. Ke3 Rb1
52. Kd3 b3 53. Kc3 Rg1 54. Rb4 Rg3+ 55. Kb2 Kf6 56. Rb5 Rxg4 57. Kxb3 1/2-1/2

[Event "23. Schweinfurt Open"]
[Site "Schweinfurt"]
[Date "2013.06.02"]
[Round "6.33"]
[White "Renner, Guenter"]
[Black "Albert, Samuel"]
[Result "0-1"]
[WhiteElo "1092"]
[BlackElo "1272"]
[PlyCount "62"]
[EventDate "2013.05.30"]
[Source "SK SW 2000"]
[SourceDate "2013.06.02"]

1. d4 e6 2. e4 d5 3. e5 c5 4. c3 Nc6 5. Bb5 Bd7 6. Nf3 Qb6 7. Ba4 Nge7 8. Bc2
Ng6 9. O-O Be7 10. b3 cxd4 11. cxd4 O-O-O 12. Ng5 Rdf8 13. Nf3 f6 14. Re1 fxe5
15. Be3 Qc7 16. Nc3 e4 17. Nd2 Bd6 18. g3 h5 19. Nb5 Qb8 20. Nxd6+ Qxd6 21.
Nxe4 dxe4 22. Bxe4 Nge7 23. Rc1 h4 24. g4 Kb8 25. h3 Ka8 26. Qd2 Nd5 27. Bxd5
Qxd5 28. Rc5 Qf3 29. Kh2 Ne7 30. d5 Nxd5 31. Ra5 Nxe3 0-1

[Event "23. Schweinfurt Open"]
[Site "Schweinfurt"]
[Date "2013.06.02"]
[Round "7.1"]
[White "Golda, Harald"]
[Black "Kuhn, Norbert"]
[Result "1/2-1/2"]
[WhiteElo "2332"]
[BlackElo "2149"]
[PlyCount "49"]
[EventDate "2013.05.30"]
[Source "SK SW 2000"]
[SourceDate "2013.06.02"]

1. d4 d5 2. Nf3 e6 3. c4 dxc4 4. Qa4+ c6 5. Qxc4 Nf6 6. Nc3 Be7 7. g3 b5 8. Qd3
Bb7 9. Bg2 Nbd7 10. O-O O-O 11. a3 a5 12. Bf4 Qb6 13. Rac1 Rac8 14. Ng5 Rfd8
15. Be3 Qa6 16. Nce4 h6 17. Nh3 c5 18. a4 cxd4 19. Rxc8 Rxc8 20. Nxf6+ Bxf6 21.
axb5 Qa8 22. Bxb7 Qxb7 23. Bxd4 Bxd4 24. Qxd4 Qxb5 25. Qd2 1/2-1/2

[Event "23. Schweinfurt Open"]
[Site "Schweinfurt"]
[Date "2013.06.02"]
[Round "7.2"]
[White "Ziegler, Michael"]
[Black "Kunz, Konstantin"]
[Result "1-0"]
[WhiteElo "2151"]
[BlackElo "2184"]
[PlyCount "81"]
[EventDate "2013.05.30"]
[Source "SK SW 2000"]
[SourceDate "2013.06.02"]

1. d4 Nf6 2. c4 e6 3. g3 d5 4. Nf3 Bb4+ 5. Bd2 Bxd2+ 6. Nbxd2 Nc6 7. Bg2 O-O 8.
O-O Qe7 9. Qc2 Rd8 10. Rfd1 Bd7 11. a3 a5 12. b3 Be8 13. e3 Rab8 14. Rdc1 h6
15. h3 Rbc8 16. Qc3 b6 17. Bf1 Ne4 18. Nxe4 dxe4 19. Nd2 f5 20. c5 e5 21. d5
Rxd5 22. cxb6 cxb6 23. Bc4 Bf7 24. Bxd5 Bxd5 25. Nc4 Rb8 26. Rd1 Qe6 27. Rd2 f4
28. exf4 exf4 29. gxf4 b5 30. Ne3 b4 31. Qc5 Bxb3 32. Rd6 Qxh3 33. Qxc6 Qf3 34.
Rd4 Qxf4 35. Qxe4 Qf6 36. Qf4 Qg6+ 37. Qg4 Qf6 38. Qf4 Qg6+ 39. Qg3 Qb6 40. Rd7
Bf7 41. Nf5 1-0